| 000 | 00438nam a22001577a 4500 | ||
|---|---|---|---|
| 999 |
_c24547 _d24547 |
||
| 003 | NUST | ||
| 008 | 140612b xxu||||| |||| 00| 0 eng d | ||
| 020 | _cAvailable | ||
| 038 | _aNusrat Nadeem | ||
| 082 | _a615.19 | ||
| 100 |
_a Testa Bernard _921376 |
||
| 245 |
_aPharmacokinetic Optimization in Drug Researcher _cBernard Testa |
||
| 260 |
_aGermany _bWiley VCH _c2001 |
||
| 538 | _iBioinformatics Lab(Photocopy Book) | ||
| 942 |
_2ddc _cBK |
||